Premier League Players Nationalities Quiz Stats

 Plays Quiz not verified by Sporcle

Challenge
Share
Tweet
Embed
Score 0/18 Timer 06:00
0 Plays Today
Player Name Nationality % Correct
Fernando TorresSpanish
100%
Mario BalotelliItalian
100%
Clint DempseyAmerican
98%
Marouane FellainiBelgian
96.1%
RamiresBrazilian
94.1%
Louis SahaFrench
92.2%
Tim KrulDutch
92.2%
Giovani Dos SantosMexican
92.2%
GervinhoIvorian
92.2%
Player Name Nationality % Correct
Edin DzekoBosnian
90.2%
Jose BosingwaPortugese
90.2%
Robert HuthGerman
90.2%
Gabriel AgbonlahorEnglish
90.2%
Emanuel AdebayorTogolese
88.2%
Antonio ValenciaEcuador
88.2%
Jonás Gutiérrez Argentinian
88.2%
Ryan NelsenNew Zealand
86.3%
Wilson PalaciosHonduran
86.3%

You're not logged in!

Compare scores with friends on all Sporcle quizzes.
Join for Free
OR
Log In

You Might Also Like...

Show Comments

Extras

Top Quizzes Today


Score Distribution

Your Account Isn't Verified!

In order to create a playlist on Sporcle, you need to verify the email address you used during registration. Go to your Sporcle Settings to finish the process.

Report this User

Report this user for behavior that violates our Community Guidelines.

Details: